000 00622nam a22001817a 4500
005 20250915153123.0
010 _aENG-146597
020 _c390.00
035 _aEN-130129
037 _bDBAD
082 _a364.1680954
100 _aKeshavan, B.
_985075
245 _aIndia Is Crumbling Under Its Policies And Corporation/
_cB. Keshavan
260 _aBengaluru
_bUniversal Publisher And Distributors
_c2024
270 _bBengaluru
_aNo. 11, 1st Floor, 2nd Main Road, Jayamahal Extension, Bengaluru
_e560046
_mkeshavan1941@gmail.com
300 _a356p.
_c21cm(pb)
942 _2ddc
_cEN
_h364.1680954
_mKES
999 _c213293
_d213293